[Event "ICS rated blitz match"]
[Site "204.178.125.65"]
[Date "1999.11.07"]
[Round "?"]
[White "speedythought"]
[Black "Hossa"]
[Result "0-1"]
[WhiteElo "2191"]
[BlackElo "2506"]
[PlyCount "68"]
[EventDate "1999.??.??"]

1. e4 c5 2. Nf3 d6 3. d4 cxd4 4. Nxd4 Nf6 5. Nc3 g6 6. Be3 Bg7 7. f3 O-O 8. Bc4
Nc6 9. Qd2 Nxd4 10. Bxd4 e5 11. Be3 Be6 12. Nd5 Nxd5 13. Bxd5 Qh4+ 14. Bf2 Qf4
15. Qxf4 exf4 16. O-O-O Rfe8 17. Rd3 Be5 18. Rhd1 a5 19. c3 Bxd5 20. Rxd5 a4
21. a3 Re6 22. Rb5 Re7 23. Rdd5 Ra6 24. Rb4 f5 25. Kc2 fxe4 26. Rxe4 Kf7 27.
Kd3 g5 28. h3 h5 29. Rb4 Ke6 30. Rdb5 Rc7 31. Rxb7 Rxb7 32. Rxb7 d5 33. Rh7 Kf5
34. Rxh5 34... Kg6 {speedythought resigns} 0-1

[Event "ICS rated blitz match"]
[Site "204.178.125.65"]
[Date "1999.11.07"]
[Round "?"]
[White "Hossa"]
[Black "speedythought"]
[Result "1-0"]
[WhiteElo "2510"]
[BlackElo "2187"]
[PlyCount "65"]
[EventDate "1999.??.??"]

1. e4 c5 2. Nf3 Nc6 3. Nc3 d6 4. Bc4 Nf6 5. d3 e6 6. Bg5 Be7 7. O-O O-O 8. Qc1
a6 9. Qe3 b5 10. Bb3 Ng4 11. Qc1 Bxg5 12. Qxg5 Qxg5 13. Nxg5 Nd4 14. Rae1 h6
15. Nh3 a5 16. a4 Nxb3 17. cxb3 b4 18. Nb5 Rd8 19. Rc1 Ne5 20. Rfd1 Ba6 21. d4
cxd4 22. Nxd4 Nd3 23. Rc2 Nc5 24. Nc6 Re8 25. e5 Bd3 26. Rxc5 dxc5 27. Rxd3
Rac8 28. Nxa5 Rcd8 29. Rd6 f6 30. Nc6 Rc8 31. exf6 gxf6 32. Nf4 e5 33. Nh5 {
speedythought resigns} 1-0

[Event "ICS rated standard match"]
[Site "204.178.125.65"]
[Date "1999.11.07"]
[Round "?"]
[White "Hossa"]
[Black "psychicvenom"]
[Result "1/2-1/2"]
[WhiteElo "2282"]
[BlackElo "2280"]
[PlyCount "57"]
[EventDate "1999.??.??"]

1. e4 e5 2. Nf3 Nc6 3. Bb5 Nf6 4. O-O Bc5 5. d3 d6 6. c3 O-O 7. Bg5 h6 8. Bxf6
Qxf6 9. Bxc6 bxc6 10. d4 Bb6 11. dxe5 dxe5 12. Nbd2 Rd8 13. Qa4 Rd3 14. Qc2 Ba6
15. c4 Rad8 16. c5 Ba5 17. Qa4 Bxd2 18. Qxa6 Rxf3 19. gxf3 Qxf3 20. Qxa7 Bf4
21. Qa3 Rd3 22. Qa8+ Kh7 23. Qc8 Bxh2+ 24. Kxh2 Qh5+ 25. Kg1 Qg5+ 26. Kh1 Qh4+
27. Kg1 Qg5+ 28. Kh1 Qh4+ 29. Kg1 {Game drawn by mutual agreement} 1/2-1/2

[Event "ICS rated standard match"]
[Site "204.178.125.65"]
[Date "1999.11.07"]
[Round "?"]
[White "strong-master"]
[Black "Hossa"]
[Result "1-0"]
[WhiteElo "2200"]
[BlackElo "2290"]
[PlyCount "67"]
[EventDate "1999.??.??"]

1. e4 c5 2. Nf3 d6 3. d4 cxd4 4. Nxd4 Nf6 5. Nc3 g6 6. Be3 Bg7 7. Bc4 O-O 8. f3
Nc6 9. Bb3 Na5 10. Qd2 Nxb3 11. axb3 d5 12. e5 Nd7 13. f4 e6 14. O-O-O Qa5 15.
Kb1 a6 16. h4 Re8 17. h5 g5 18. h6 Bh8 19. Rh5 gxf4 20. Rg5+ Kf8 21. Bxf4 f6
22. exf6 Nxf6 23. Bd6+ Kf7 24. Rf1 Rd8 25. Rxf6+ Bxf6 26. Qd3 Rh8 27. Qf3 Ke8
28. Qxf6 Qd8 29. Qxh8+ Kd7 30. Rg7+ Qe7 31. Qf8 Kxd6 32. Qxe7+ Ke5 33. Nf3+ Kf5
34. Qg5# {Hossa checkmated} 1-0

[Event "ICS rated standard match"]
[Site "204.178.125.65"]
[Date "1999.11.07"]
[Round "?"]
[White "Hossa"]
[Black "strong-master"]
[Result "0-1"]
[WhiteElo "2289"]
[BlackElo "2447"]
[PlyCount "77"]
[EventDate "1999.??.??"]

1. e4 c5 2. Nf3 e6 3. d4 cxd4 4. Nxd4 Nc6 5. Nc3 Qc7 6. Be2 a6 7. Bg5 Bb4 8.
O-O h6 9. Bc1 Nf6 10. Nxc6 Qxc6 11. Bd2 Nxe4 12. Nxe4 Qxe4 13. Bf3 Qh4 14. Re1
Bd6 15. g3 Qe7 16. Bc3 O-O 17. Qd4 f6 18. Rad1 Bc5 19. Qh4 d6 20. Be4 Qc7 21.
Qf4 Rb8 22. Bg6 b5 23. Rd3 e5 24. Qf3 f5 25. Qd5+ Kh8 26. Bh5 Bb7 27. Qe6 Rf6
28. Qb3 f4 29. gxf4 Rxf4 30. Re2 Qc6 31. Rd5 Rbf8 32. Be1 Qxd5 33. Qxd5 Bxd5
34. Rd2 Bxa2 35. b3 g6 36. Bd1 Bb4 37. c3 Bxc3 38. Rxa2 Bxe1 39. f3 {
Hossa resigns} 0-1

[Event "ICS rated blitz match"]
[Site "204.178.125.65"]
[Date "1999.11.07"]
[Round "?"]
[White "GaryG"]
[Black "Hossa"]
[Result "1-0"]
[WhiteElo "2520"]
[BlackElo "2514"]
[PlyCount "69"]
[EventDate "1999.??.??"]

1. e4 c5 2. Nf3 e6 3. d4 cxd4 4. Nxd4 Nc6 5. Nc3 Qc7 6. Be2 a6 7. Be3 Nf6 8.
O-O Bb4 9. Na4 Bd6 10. g3 Nxe4 11. Bd3 Nf6 12. Nb6 Qxb6 13. Nb5 Bc5 14. Bxc5
Qxc5 15. Nc7+ Kd8 16. Nxa8 Qa7 17. Qd2 h6 18. Rfe1 Qxa8 19. Bf1 Kc7 20. b4 Nd8
21. Qc3+ Kb8 22. b5 d5 23. Rab1 axb5 24. Qe5+ Ka7 25. Re3 Ne8 26. Ra3+ Kb6 27.
Rxa8 Bd7 28. Rxd8 f6 29. Qc3 Bc6 30. Rc8 Nd6 31. Qd4+ Ka6 32. Rb3 Nc4 33. Bxc4
b6 34. Rc7 dxc4 35. Ra3# {Hossa checkmated} 1-0

[Event "ICS rated standard match"]
[Site "204.178.125.65"]
[Date "1999.11.07"]
[Round "?"]
[White "Varguz"]
[Black "Hossa"]
[Result "1-0"]
[WhiteElo "2547"]
[BlackElo "2288"]
[PlyCount "91"]
[EventDate "1999.??.??"]

1. c4 e5 ({-0.40 Hiarcs 7.32:} 1... Nf6 2. d4 Nc6 3. Nc3 d5 4. cxd5 4... Nxd5 {
-0.07/7}) 2. g3 Bc5 3. Nc3 Ne7 4. Nf3 d6 5. d4 exd4 6. Nxd4 Nd7 ({
0.10 Hiarcs 7.32:} 6... Nbc6 7. Be3 Bd7 8. Bg2 Bxd4 9. Bxd4 Nf5 10. e3 10...
O-O {-0.17/7}) 7. Bg2 O-O 8. O-O Ne5 9. b3 Rb8 10. Bb2 Bg4 11. Ne4 Bxd4 12.
Bxd4 N7c6 13. Bb2 Qd7 ({0.73 Hiarcs 7.32:} 13... f5 14. Nc3 f4 15. gxf4 Rxf4
16. Nd5 Rf7 17. f4 17... Ng6 {0.27/7}) 14. f4 Ng6 15. Nf2 Rbe8 ({
1.04 Hiarcs 7.32:} 15... h5 16. h3 Be6 17. f5 Bxf5 18. e4 Be6 19. Qxh5 {0.73/7}
) 16. Nxg4 Qxg4 17. e4 f5 18. Qxg4 fxg4 19. Rad1 Nb4 20. a3 Na6 ({
2.09 Hiarcs 7.32:} 20... Nc6 21. Rd5 h6 22. Rfd1 Nge7 23. R5d3 Ng6 24. b4 {
1.37/8}) 21. e5 Nc5 22. exd6 cxd6 23. b4 Na4 24. Ba1 Re7 25. Rxd6 Nh8 26. Bd5+
Nf7 27. c5 a5 28. f5 Rc7 29. Bb3 axb4 30. axb4 Ra8 31. f6 g6 ({
6.96 Hiarcs 7.32:} 31... g5 32. Re6 Rcc8 33. Re7 Rf8 34. Rxb7 h5 35. Bd4 {
5.28/8}) 32. Rfd1 Kf8 33. Rd7 Nxc5 34. Rxc7 Nxb3 35. Rdd7 Ng5 36. Be5 Nf3+ ({
18.73 Hiarcs 7.32:} 36... Nd2 37. Bd6+ Kg8 38. f7+ Nxf7 39. Rxf7 Nf3+ 40. Kf1
Ng5 41. Rg7+ Kh8 42. Bf4 Ra1+ 43. Ke2 Ra2+ 44. Kd3 {6.84/8}) 37. Kf2 Nxe5 ({
27.45 Hiarcs 7.32:} 37... Ng5 38. f7 Ne4+ 39. Ke3 39... Na5 {18.73/9}) 38. Rxh7
Nd3+ 39. Ke3 Re8+ 40. Kxd3 Nc1+ 41. Kc2 Re2+ 42. Kb1 Rb2+ 43. Kxb2 Nd3+ 44. Kc3
Kg8 45. Rcg7+ Kf8 46. Rh8# {Hossa checkmated} 1-0

[Event "ICS rated standard match"]
[Site "204.178.125.65"]
[Date "1999.11.07"]
[Round "?"]
[White "Hossa"]
[Black "Varguz"]
[Result "0-1"]
[WhiteElo "2283"]
[BlackElo "2556"]
[PlyCount "56"]
[EventDate "1999.??.??"]

1. e4 e5 2. Nf3 Nc6 3. d4 exd4 4. Nxd4 Qh4 5. Nb5 Bb4+ 6. Nd2 Qxe4+ 7. Be2 Qxg2
8. Bf3 Qh3 9. Nxc7+ Kd8 10. Nxa8 Nf6 11. c3 Re8+ 12. Be4 ({-2.16 Hiarcs 7.32:} 
12. Be2 12... Ne5 13. Ne4 Nxe4 14. cxb4 14... Nf3+ {1.73/8}) 12... Nxe4 13.
Nxe4 Rxe4+ 14. Be3 Bc5 15. Kd2 ({-3.88 Hiarcs 7.32:} 15. Qd3 15... Qf3 16. Qf1
Bxe3 17. fxe3 Qxe3+ 18. Kd1 Nd4 19. h3 d5 20. Nb6 axb6 21. cxd4 Rxd4+ 22. Kc2 {
-2.16/7}) 15... Bxe3+ 16. fxe3 Qxe3+ 17. Kc2 Nd4+ 18. Kb1 d6 19. a4 ({
-9.15 Hiarcs 7.32:} 19. Nb6 19... Bf5 {-4.74/8}) 19... Bg4 20. cxd4 Bxd1 21.
Rxd1 Qb3 22. Rc1 Re2 23. Ra2 Rd2 24. Nc7 Qd3+ 25. Ka1 Qc2 26. Ne6+ fxe6 27. Re1
({0.00 Hiarcs 7.32:} 27. Rb1 27... Rd1 {-#2/2}) 27... Rd1+ 28. Rxd1 28... Qxd1#
{Hossa checkmated} 0-1

[Event "ICS rated standard match"]
[Site "204.178.125.65"]
[Date "1999.11.07"]
[Round "?"]
[White "denninja"]
[Black "Hossa"]
[Result "1-0"]
[WhiteElo "2143"]
[BlackElo "2286"]
[Annotator "Hiarcs 7.32 (22s)"]
[PlyCount "67"]
[EventDate "1999.??.??"]

1. Nc3 c5 2. e4 Nc6 3. f4 e6 4. Nf3 d5 5. Bb5 a6 6. Bxc6+ bxc6 7. O-O Nf6 8. d3
Be7 9. Kh1 $11 (9. Bd2 9... O-O $11) 9... O-O 10. Ne5 Bb7 11. g4 11... Qd6 $14
(11... Rb8 12. Bd2 $11) 12. g5 $11 {Raumgewinn} (12. Na4 12... Qc7 $11) 12...
Nd7 13. Ng4 a5 14. Rg1 14... Nb6 $11 (14... a4 15. Bd2 $11) 15. e5 {Raumvorteil
} 15... Qc7 $2 $18 (15... Qd8 $11 $142 {und Schwarz kann noch kaempfen}) 16.
Nf6+ Kh8 17. Qh5 {Droht Matt} 17... gxf6 $2 (17... h6 $142 18. g6 fxg6 19. Rxg6
Bxf6 20. exf6 Rxf6 21. Rxf6 gxf6 22. Qxh6+ Qh7 23. Qxf6+ Qg7 24. Qxe6 Rg8 25.
Qh3+ Qh7 26. Qxh7+ 26... Kxh7 $18) 18. gxf6 $4 $16 {
gibt den Vorteil aus der Hand} (18. Rg3 $142 {liesse Schwarz keine Chance}
18... Rg8 19. Rh3 $18) 18... Bxf6 19. exf6 {Es droht Matt} 19... Rg8 20. Bd2
$14 (20. Rg7 Rxg7 21. fxg7+ 21... Kg8 $16) 20... Rab8 $16 (20... Rg6 $5 $14
$142 {ist nicht von der Hand zu weisen}) 21. f5 $14 (21. Ne2 a4 22. f5 $18)
21... e5 $4 $18 (21... Qe5 22. Rgf1 $1 {kraeftig gespielt} 22... exf5 23. Rxf5
23... Qe6 $18) 22. Bh6 $1 {zwingend und schoen. Mit der Mattdrohung Bg7} 22...
Rg6 23. Bg7+ $1 {ein laestiges Schach} 23... Kg8 24. fxg6 $18 (24. Rg4 h6 25.
Qxh6 Rxh6 26. Bxh6+ Kh7 27. Bf4 e4 28. Rh4+ Kg8 29. Rg1+ Kf8 30. Rh8#) 24...
fxg6 25. Qh6 (25. Rxg6 $142 {sichert den Gewinn} 25... hxg6 26. Qxg6 26... Qf7
$18) 25... Qf7 26. Raf1 (26. Rg4 {laesst dem Gegner kaum Chancen} 26... Qd7 27.
Rf1 27... Bc8 $18) 26... Nd7 27. h4 $1 {Boing!} 27... Ba6 (27... c4 28. h5 $1 {
macht alles klar} 28... Nf8 29. hxg6 Nxg6 30. Rxg6 Qxg6 31. f7+ Qxf7 32. Rxf7
a4 33. Qe6 h6 34. Re7+ Kh7 35. Bxe5#) 28. h5 $1 {das wars. Droht Matt: hxg6}
28... g5 29. Rxg5 $1 {triumphiert. Droht Matt} 29... Bxd3 30. cxd3 Rxb2 (30...
e4 {aendert den traurigen Lauf der Dinge nicht} 31. Bf8+ $1 {ein boeses Schach}
31... Kh8 32. Qg7+ Qxg7 33. Bxg7+ Kg8 34. f7#) 31. Bf8+ Kh8 (31... Qg6 {
aendert nichts mehr} 32. Rxg6+ Kf7 33. Qxh7+ Ke8 34. Qe7#) 32. Qg7+ $1 {
ein unangenehmes Schach} 32... Qxg7 33. Bxg7+ Kg8 34. f7# 1-0

[Event "ICS rated standard match"]
[Site "204.178.125.65"]
[Date "1999.11.07"]
[Round "?"]
[White "Hossa"]
[Black "leti"]
[Result "1-0"]
[WhiteElo "2271"]
[BlackElo "2134"]
[PlyCount "75"]
[EventDate "1999.??.??"]

1. Nc3 d5 2. e4 c6 3. d4 dxe4 4. Nxe4 Bf5 5. Ng3 Bg6 6. Nf3 Nd7 7. Be2 Ngf6 8.
O-O e6 9. c4 Qc7 10. Be3 Bd6 11. Nh4 O-O-O 12. Qa4 Kb8 13. Nf3 h5 14. Nh4 Bh7
15. Nf3 Bg6 16. Rfe1 h4 17. Nf1 Bh5 18. Ng5 Bxe2 19. Rxe2 Rdf8 20. d5 exd5 21.
Qxa7+ Kc8 22. cxd5 Nxd5 23. Bd4 Nf4 24. Re3 f6 25. Ne4 Nd5 26. Qa8+ Nb8 27. Rb3
Be7 28. Nc5 Bxc5 29. Bxc5 Rd8 30. Ba7 Rd7 31. Rc1 Rd6 32. Ne3 Rhd8 33. Nf5 Nb6
34. Ne7+ Kd7 35. Bxb6 Kxe7 36. Re3+ Kf7 37. Bxc7 Rd1+ 38. Re1 {leti resigns}
1-0

[Event "ICS rated blitz match"]
[Site "204.178.125.65"]
[Date "1999.11.07"]
[Round "?"]
[White "readyink"]
[Black "Hossa"]
[Result "0-1"]
[WhiteElo "2156"]
[BlackElo "2532"]
[PlyCount "61"]
[EventDate "1999.??.??"]

1. e4 e5 2. Nf3 Nc6 3. Bb5 Nf6 4. O-O Bc5 5. d3 d6 6. c3 O-O 7. h3 a6 8. Ba4 b5
9. Bb3 a5 10. d4 Bb6 11. Re1 Bd7 12. Bg5 b4 13. Qd3 bxc3 14. bxc3 Qe7 15. Nbd2
a4 16. Bc2 Kh8 17. Rab1 Rfd8 18. Nf1 Rdb8 19. Ng3 Ra5 20. Nh5 a3 21. Bxf6 gxf6
22. Qe3 Rg8 23. Nh4 Rg5 24. Ng3 exd4 25. cxd4 Nxd4 26. Rxb6 Nxc2 27. Rb8+ Kg7
28. Qd2 Nxe1 29. Qxe1 Rgb5 30. Qc3 Rxb8 31. Ngf5+ {readyink resigns} 0-1

[Event "ICS rated blitz match"]
[Site "204.178.125.65"]
[Date "1999.11.07"]
[Round "?"]
[White "Hossa"]
[Black "Amateur"]
[Result "1-0"]
[WhiteElo "2535"]
[BlackElo "2523"]
[PlyCount "113"]
[EventDate "1999.??.??"]

1. Nc3 Nf6 2. d3 e5 3. e4 Bb4 4. a3 Bxc3+ 5. bxc3 d5 6. exd5 Qxd5 7. c4 Qd6 8.
Be2 O-O 9. Be3 Nc6 10. Nf3 Ng4 11. O-O Nxe3 12. fxe3 Qe7 13. Qd2 Rb8 14. d4 e4
15. Ne1 b6 16. Rf4 Ba6 17. Qc3 Na5 18. Rb1 Rbd8 19. Bf1 f6 20. c5 Bxf1 21. Kxf1
Rd5 22. Kg1 Re8 23. a4 Rg5 24. Rb5 c6 25. Rb2 Qd8 26. cxb6 axb6 27. Qb4 Qd5 28.
Qc3 Rb8 29. Rb4 Rf5 30. Nd3 g6 31. Rxf5 Qxf5 32. Nc5 Qg4 33. Rb1 Kg7 34. Rf1
Re8 35. Nb3 Nxb3 36. Qxc6 Nd2 37. Qxe8 Nxf1 38. Qe7+ Kh6 39. Kxf1 Qd1+ 40. Kf2
Qd2+ 41. Kf1 Qxe3 42. Qxf6 Qc1+ 43. Kf2 Qd2+ 44. Kg3 Qxc2 45. Kh4 Qc7 46. h3 e3
47. g4 Qf4 48. Qxf4+ Kg7 49. Qxe3 Kf7 50. Qb3+ Ke7 51. Qxb6 Kd7 52. Kg5 h5 53.
d5 Kc8 54. Qa7 Kd8 55. d6 h4 56. Qc7+ Ke8 57. Qe7# {Amateur checkmated} 1-0

[Event "ICS rated blitz match"]
[Site "204.178.125.65"]
[Date "1999.11.07"]
[Round "?"]
[White "GaryG"]
[Black "Hossa"]
[Result "1/2-1/2"]
[WhiteElo "2538"]
[BlackElo "2550"]
[PlyCount "108"]
[EventDate "1999.??.??"]

1. c4 e5 2. Nc3 Nf6 3. Nf3 Nc6 4. e3 Bb4 5. Qc2 d6 6. d3 Bg4 7. Be2 O-O 8. O-O
d5 9. cxd5 Nxd5 10. Rd1 Qd6 11. h3 Bxf3 12. Bxf3 Bxc3 13. bxc3 Rfd8 14. Rb1
Rab8 15. e4 Nb6 16. Bg4 Qf6 17. Be3 Rd6 18. Bc5 Rdd8 19. Bf5 Nc8 20. d4 Nd6 21.
dxe5 Qxe5 22. Rd5 Qf6 23. Bxd6 cxd6 24. Qd3 Ne7 25. Rdb5 b6 26. Bg4 Re8 27. Qf3
Qxf3 28. Bxf3 Rbc8 29. R5b3 Nc6 30. Rd1 Na5 31. Ra3 Rc7 32. Kh2 Nc4 33. Rb3 Kf8
34. Rd3 Re5 35. a4 Ra5 36. Rb4 Ne5 37. Rxd6 Rxc3 38. Bd1 Nd3 39. Rbd4 Nxf2 40.
Bf3 Rc1 41. Rd2 Ke7 42. R6d4 Rf1 43. g3 Nxh3 44. Rd7+ Kf8 45. Bg2 Rf2 46. Rd8+
Ke7 47. R2d7+ Kf6 48. Rd6+ Kg5 49. Kxh3 Rxa4 50. Rd5+ Kg6 51. R5d6+ Kg5 52.
Rd5+ Kg6 53. R5d6+ Kg5 54. Rd5+ 54... Kg6 {Game drawn by repetition} 1/2-1/2

[Event "ICS rated blitz match"]
[Site "204.178.125.65"]
[Date "1999.11.07"]
[Round "?"]
[White "Hossa"]
[Black "GaryG"]
[Result "0-1"]
[WhiteElo "2549"]
[BlackElo "2539"]
[PlyCount "133"]
[EventDate "1999.??.??"]

1. Nc3 d5 2. e4 e6 3. d4 Bb4 4. a3 Bxc3+ 5. bxc3 dxe4 6. Qg4 Nf6 7. Qxg7 Rg8 8.
Qh6 b6 9. Bg5 Rg6 10. Qh4 Bb7 11. Ne2 Nbd7 12. Nf4 Rg8 13. Nh5 Rg6 14. Bb5 c6
15. Be2 h6 16. Bxf6 Nxf6 17. Nxf6+ Qxf6 18. Qxe4 Rb8 19. Qf3 Qg5 20. Qg3 Qd8
21. Qf4 a6 22. Bh5 Rf6 23. Qe5 Ke7 24. O-O Rf5 25. Qe2 c5 26. Bg4 Rf4 27. dxc5
Qd5 28. Bh3 Rg8 29. f3 Qxc5+ 30. Kh1 Rc4 31. Qd2 Rxc3 32. Rad1 Bc6 33. Qxh6
Rxc2 34. Rfe1 Bd5 35. Bxe6 Bxe6 36. Qh4+ Rg5 37. f4 Rcxg2 38. fxg5 Rxg5 39. Qf4
f6 40. Qf3 Re5 41. Qb7+ Ke8 42. Qa8+ Qc8 43. Qf3 Qc7 44. Qxf6 Qc6+ 45. Kg1 Qc5+
46. Kg2 Rg5+ 47. Qxg5 Qxg5+ 48. Kh1 Kf7 49. Rf1+ Ke7 50. Rfe1 Qf5 51. Re3 Kf6
52. Rde1 Bd5+ 53. Kg1 Qg5+ 54. Rg3 Qd2 55. Ree3 b5 56. h3 a5 57. h4 b4 58. axb4
axb4 59. h5 b3 60. Rg6+ Kf7 61. Rxb3 Bxb3 62. Kf1 Bd5 63. Rb6 Qg2+ 64. Ke1 Bf3
65. Rb7+ Bxb7 66. Kd1 Qb2 67. Ke1 {Hossa resigns} 0-1

[Event "ICS rated blitz match"]
[Site "204.178.125.65"]
[Date "1999.11.07"]
[Round "?"]
[White "Amateur"]
[Black "Hossa"]
[Result "1-0"]
[WhiteElo "2512"]
[BlackElo "2533"]
[PlyCount "106"]
[EventDate "1999.??.??"]

1. c4 e5 2. Nc3 Nf6 3. Nf3 Nc6 4. g3 Bc5 5. Bg2 d6 6. d3 O-O 7. O-O Bg4 8. Bg5
h6 9. Bxf6 Qxf6 10. Ne4 Qf5 ({-0.04 Hiarcs 7.32:} 10... Qe6 11. Qb3 Bb6 12.
Rae1 Ba5 13. Rd1 13... Rab8 {-0.38/7}) 11. Nxc5 dxc5 12. Qb3 Rab8 13. Qb5 e4
14. dxe4 Qxe4 15. Rfe1 Qf5 16. Rad1 Bxf3 17. Bxf3 a6 18. Qa4 Nd4 19. Bg2 c6 ({
0.38 Hiarcs 7.32:} 19... Rfd8 20. f4 Qg4 21. e3 Nf3+ 22. Bxf3 Qxf3 23. Rd7 Re8
24. Qa3 24... Qc6 {0.03/7}) 20. e3 Nf3+ 21. Bxf3 Qxf3 22. Rd6 Qe4 23. Red1 Rfe8
24. b3 Re6 25. R6d3 Rbe8 26. Qa5 Qe5 ({0.86 Hiarcs 7.32:} 26... Re5 27. Rd7 Qf3
28. Rf1 b5 29. Qxa6 29... b4 {0.59/7}) 27. Qb6 R6e7 ({0.30 Hiarcs 7.32:} 27...
R8e7 28. Rd8+ Kh7 29. R8d7 Rxd7 30. Rxd7 30... Rf6 {0.86/7}) 28. Qa5 Re6 ({
0.55 Hiarcs 7.32:} 28... Kh7 29. Rd7 f6 30. R1d6 Rxd7 31. Rxd7 Re7 32. Rxe7
32... Qxe7 {0.30/7}) 29. R3d2 R6e7 30. Qb6 g6 31. Qa5 Kh7 32. Qb6 Kg8 ({
0.81 Hiarcs 7.32:} 32... Qf5 33. Rd8 Rxd8 34. Qxd8 Re6 35. Qf8 g5 36. Rd8 Kg6
37. Rd1 {0.38/8}) 33. Rd6 Kh8 ({1.34 Hiarcs 7.32:} 33... f6 34. Rd7 Rb8 35. Qa7
Kf8 36. Kg2 h5 37. R7d6 {0.81/8}) 34. Rd7 Rxd7 ({2.03 Hiarcs 7.32:} 34... Rb8
35. Qa7 Rxd7 36. Rxd7 Kg7 37. Rxb7 Rxb7 38. Qxb7 Qa1+ 39. Kg2 Qxa2 40. e4 40...
a5 {1.34/7}) 35. Rxd7 Qf5 36. Qxb7 Qb1+ ({2.91 Hiarcs 7.32:} 36... Kg7 37. Qxc6
Re6 38. Qd5 Qb1+ 39. Kg2 Rf6 40. Qxc5 40... Qe4+ {2.03/7}) 37. Kg2 Qe4+ 38. Kf1
Qh1+ ({3.96 Hiarcs 7.32:} 38... Qb1+ 39. Ke2 Qc2+ 40. Rd2 Qf5 41. Qxa6 Re6 42.
Qb6 Qh5+ 43. Kf1 Kg7 44. h4 {2.91/7}) 39. Ke2 Qxh2 ({2.70 Hiarcs 7.32:} 39...
Kg8 40. Rxf7 Qa1 41. Qd7 Qxa2+ 42. Kf3 Rf8 43. Rxf8+ Kxf8 44. Qxc6 Qxb3 45.
Qf6+ Ke8 46. Qxg6+ Ke7 47. Qxa6 {3.96/8}) 40. Qxc6 Qh5+ 41. Ke1 Qf5 42. Rd5 Re5
43. g4 Qb1+ ({8.84 Hiarcs 7.32:} 43... Qe6 44. Qxc5 Rxd5 45. cxd5 Qd7 46. Qd4+
Kg8 47. b4 Qd6 48. Ke2 48... Kf8 {3.41/7}) 44. Rd1 Qe4 ({16.59 Hiarcs 7.32:} 
44... Qxd1+ 45. Kxd1 Kg7 46. Qxa6 h5 47. Qd6 Rg5 48. gxh5 gxh5 49. Qe7 {8.84/9}
) 45. Qf6+ Kg8 46. Rd7 Re7 47. Qxe7 Qxe7 48. Rxe7 Kg7 49. Ra7 Kf6 50. Rxa6+ Kg5
({18.80 Hiarcs 7.32:} 50... Ke7 51. Rc6 {12.77/10}) 51. b4 cxb4 52. c5 h5 53.
gxh5 53... gxh5 {Hossa resigns} 1-0

[Event "ICS Rated standard match"]
[Site "204.178.125.65"]
[Date "1999.11.07"]
[Round "?"]
[White "Hossa"]
[Black "Mmouse"]
[Result "1-0"]
[WhiteElo "2281"]
[BlackElo "2069"]
[PlyCount "53"]
[EventDate "1999.??.??"]

1. c4 Nf6 2. Nf3 g6 3. Nc3 Bg7 4. d4 d5 5. cxd5 Nxd5 6. e4 Nxc3 7. bxc3 c5 8.
Be2 Nc6 9. Be3 Bg4 10. Rb1 O-O 11. Rxb7 Bxf3 12. Bxf3 cxd4 13. cxd4 Bxd4 14.
Bxd4 Nxd4 15. O-O e5 16. Qd3 Qa5 17. Qc4 Rac8 18. Qd5 Rc5 19. Qd7 Qc3 20. Bg4
h5 21. Bh3 a5 22. Qe7 a4 23. Kh1 a3 24. f3 Qc4 25. Rg1 Ra5 26. Rd7 Qxa2 27. Rd8
{Mmouse resigns} 1-0

[Event "ICS Rated standard match"]
[Site "204.178.125.65"]
[Date "1999.11.07"]
[Round "?"]
[White "Hossa"]
[Black "Mmouse"]
[Result "1/2-1/2"]
[WhiteElo "2295"]
[BlackElo "2055"]
[PlyCount "127"]
[EventDate "1999.??.??"]

1. c4 Nf6 2. Nf3 g6 3. Nc3 d5 4. cxd5 Nxd5 5. e4 Nxc3 6. bxc3 Bg7 7. d4 c5 8.
Bc4 O-O 9. Be3 Nc6 10. O-O Bg4 11. Bd5 Na5 12. Rb1 Qc7 13. a3 Rad8 14. h3 Bxf3
15. Qxf3 e6 16. Bb3 cxd4 17. cxd4 Bxd4 18. Bg5 Rc8 19. Bh6 Bg7 20. Bxg7 Kxg7
21. Rfd1 Rfd8 22. Ba4 a6 23. Rxd8 Rxd8 24. Qe3 b5 25. Rc1 Nc4 26. Qc3+ Qe5 27.
Qxe5+ Nxe5 28. Bb3 Rd3 29. Rb1 g5 30. Kh2 Nc6 31. a4 Nd4 32. axb5 axb5 33. Bd1
Kf6 34. Bh5 Rd2 35. Kg3 h6 36. Ra1 Nc6 37. Ra6 Ne5 38. Rb6 Rb2 39. Rb7 Rb4 40.
Be2 Rxe4 41. Bxb5 h5 42. Kh2 h4 43. Rc7 Rb4 44. Ba6 Rf4 45. Rc2 Ke7 46. Rc7+
Kd6 47. Rc2 Kd5 48. Bb7+ Kd4 49. Ba6 Ng6 50. f3 e5 51. Rc8 e4 52. Rd8+ Ke3 53.
fxe4 Rxe4 54. Rd3+ Kf4 55. Rf3+ Ke5 56. Rxf7 Nf4 57. Re7+ Kd4 58. Rxe4+ Kxe4
59. g3 hxg3+ 60. Kxg3 Kf5 61. Bc8+ Kf6 62. h4 Ne2+ 63. Kg4 gxh4 64. Kxh4 {
Game drawn because neither player has mating material} 1/2-1/2

[Event "ICS rated standard match"]
[Site "204.178.125.65"]
[Date "1999.11.07"]
[Round "?"]
[White "Mmouse"]
[Black "Hossa"]
[Result "0-1"]
[WhiteElo "2065"]
[BlackElo "2285"]
[PlyCount "60"]
[EventDate "1999.??.??"]

1. c4 Nf6 2. Nc3 d5 3. cxd5 Nxd5 4. d4 Nxc3 5. bxc3 e5 6. Nf3 e4 7. Nd2 f5 8.
e3 Nc6 9. a4 Bd6 10. a5 Be6 11. Qa4 Bd7 12. Qb3 Rb8 13. Bc4 b6 14. axb6 Rxb6
15. Qc2 Rb7 16. Bd5 Rb5 17. Bc4 Rb7 18. O-O a5 19. f3 Qh4 20. f4 Ra7 21. Ba3
Qe7 22. Qa2 Bxa3 23. Qxa3 Qxa3 24. Rxa3 Nd8 25. Rfa1 Nb7 26. Bd5 c6 27. Bb3 Ke7
28. Nc4 Rb8 29. Bd1 Be6 30. Nxa5 30... Rxa5 {Mmouse resigns} 0-1

[Event "ICS Rated standard match"]
[Site "204.178.125.65"]
[Date "1999.11.07"]
[Round "?"]
[White "Mmouse"]
[Black "Hossa"]
[Result "0-1"]
[WhiteElo "2052"]
[BlackElo "2292"]
[PlyCount "55"]
[EventDate "1999.??.??"]

1. c4 Nf6 2. Nc3 d5 3. cxd5 Nxd5 4. d4 Nxc3 5. bxc3 e5 6. Nf3 e4 7. Nd2 f5 8.
e3 Nc6 9. f3 Bd6 10. f4 O-O 11. a4 Be6 12. a5 Qf6 13. Ba3 Bxa3 14. Rxa3 Qh4+
15. g3 Qe7 16. Qa4 Bd7 17. Qb3+ Kh8 18. Ra1 b6 19. axb6 axb6 20. Rxa8 Rxa8 21.
Kf2 Be6 22. c4 Nb4 23. Be2 Nd3+ 24. Bxd3 Ra3 25. Qb5 exd3 26. Qe5 Ra2 27. Rd1
Qd7 28. h3 {Mmouse resigns} 0-1